000 00653nam a2200229Ia 4500
003 0100
008 130303s9999 xx 000 0 und d
040 _cARRUPELIB
050 _aB2430.L484D83 2001
100 _aDudiak, Jeffrey
245 4 _aThe intrigue of ethics
245 _ba reading of the idea of discourse in the thought of Emmanuel Levinas
260 _aNew york
260 _bFordham university press
260 _C2001
300 _axvii
300 _b 438p. 23cm.
650 _bCurriculum planning--United States
650 _cEducation--United States--Aims and objectives
650 _dCurriculum evaluation
942 0 0 _015
999 _c17066
_d17066